Success in Organic Chemistry (Record no. 1736)
[ view plain ]
| 000 -LEADER | |
|---|---|
| fixed length control field | 01129cam a22002174a 4500 |
| 005 - ΗΜΕΡΟΜΗΝΙΑ ΚΑΙ ΩΡΑ ΤΕΛΕΥΤΑΙΑΣ ΕΝΗΜΕΡΩΣΗΣ | |
| Πεδίο ελέγχου | 20250605164017.0 |
| 008 - FIXED-LENGTH DATA ELEMENTS--GENERAL INFORMATION | |
| Πεδίο ελέγχου σταθερού μήκους | 250528s ||||||||||||||||||||||||d |
| 035 ## - SYSTEM CONTROL NUMBER | |
| System control number | 16205 |
| 020 ## - ISBN | |
| ISBN | 719537959 |
| 040 ## - ΠΗΓΗ ΚΑΤΑΛΟΓΟΓΡΑΦΗΣΗΣ | |
| Φορέας πρωτότυπης καταλογογράφησης | MC Athens Campus Library |
| Γλώσσα καταλογογράφησης | Ελληνικά, Μοντέρνα (1453-) |
| Modifying agency | MC Athens Campus Library |
| Κανόνες περιγραφικής καταλογογράφησης | AACR2 |
| 245 1# - ΤΙΤΛΟΣ ΚΑΙ ΔΗΛΩΣΗ ΥΠΕΥΘΥΝΟΤΗΤΑΣ | |
| Τίτλος | Success in Organic Chemistry |
| 250 ## - EDITION STATEMENT | |
| Edition statement | 1st |
| 260 ## - PUBLICATION, DISTRIBUTION, ETC. | |
| Date of publication, distribution, etc. | 1981 |
| 300 ## - PHYSICAL DESCRIPTION | |
| Extent | 320 |
| 520 ## - SUMMARY, ETC. | |
| Summary, etc. | This book is for anyone who wants to follow a self-study course. Foreword, Introduction, The Separation and Purification of Organic Compounds, The Determination of the Structure of Organic Compounds, Bonding and the Mechanisms of Organic Reactions, Alkanes, Petroleum, Alkenes, Alkynes, Aromatic Hydrocarbons, Halogen Compounds: Aliphatic, Halogen Compounds: Aromatic, Hydroxy-Compounds: Alcohols, Hydroxy-Compounds: Phenols, Ethers, Aldehydes and Ketones, Carboxylic Acids, Carboxylic Acid Derivatives, Amines, Stereoisomerism, Carbohydrates and Proteins, Synthetic Polymers, Further Reading, Appendices, Answers to Test Questions, Index. |
| 700 1# - ΠΡΟΣΘΕΤΗ ΑΝΑΓΡΑΦΗ--ΦΥΣΙΚΟ ΠΡΟΣΩΠΟ | |
| Personal name | Hawkins Malcom D |
| 9 (RLIN) | 2281 |
| 700 1# - ΠΡΟΣΘΕΤΗ ΑΝΑΓΡΑΦΗ--ΦΥΣΙΚΟ ΠΡΟΣΩΠΟ | |
| Personal name | John Murray |
| 9 (RLIN) | 1627 |
| 942 ## - ADDED ENTRY ELEMENTS (KOHA) | |
| Koha item type | Books |
| Τύπος τεκμηρίου | Βιβλιοθήκη | Τρέχουσα τοποθεσία | Barcode | Αριθμός εισαγωγής | Ημερομηνία απόκτησης | Ταξιθετικό σύμβολο | Αριθμός αντιτύπου | Κατάσταση απόσυρσης | Κατάσταση χαμένου | Κατάσταση κατεστραμμένου | Μη δανεισμός | Σύνολο δανεισμών | Ημερομηνία τελευταίας εμφάνισης | Η τιμή ισχύει από |
|---|---|---|---|---|---|---|---|---|---|---|---|---|---|---|
| Books | MC Athens Campus Library | MC Athens Campus Library | 9780000017352 | 3292 | 05/06/2025 | 547 HAW | 2 | 05/06/2025 | 05/06/2025 |